Every City in Heilongjiang - Statistics

General Stats
  • This quiz has been taken 13 times
  • The average score is 6 of 12
Answer Stats
Answer % Correct
Harbin
100%
Qiqihar
82%
Daqing
64%
Heihe
64%
Mudanjiang
45%
Jiamusi
36%
Jixi
36%
Qitaihe
36%
Shuangyashan
36%
Yichun
36%
Hegang
27%
Suihua
27%
No matching quizzes found
Score Distribution
Percent of People with Each Score
Percentile by Number Answered
Your Score History
You have not taken this quiz